00568nam a22001577a 4500008004100000020001500041050002000056100003900076245010800115250001300223260003200236300006900268650003700337650001200374700002400386160808b xxu||||| |||| 00| 0 eng d a0072972807 aGV 341.W85 2006 aWuest, Deborah A.dGV 341.W85 2006 aFoundations of physical education,exercise science and sport /c Deborah A.Wuest and Charles A. Bucher a15th ed. aBoston;bMcGrawHill,c2006. axv, 583 p. :ill.bIncludes bibliographical references and index. aPhysical education and training. aSports. aBucher, Charles A.